00686nam a2200205 a 450000100060000000300080000600500170001400800410003103500190007203500190009104000270011004100080013708200220014510000500016724500450021726000940026230000260035650400660038260000320044818795BD-RjUL20211209000333.0140222s1965 mau b 000 0beng d a(BD-RjUL)18853 a(BD-RjUL)18853 aDLCcDLCdBD-RjULbeng aeng a823.91bGUC 19651 aGuérard, Albert J.q(Albert Joseph),d1914-10aConrad the novelist /cAlbert J. Guerard aCambridge, Mass. :bHarvard University Press ;aOxford University Press :bLondon,cc1958 axiv, 322 p. :c22 cm. aBibliographical references included in "Notes" (p. [307]-315)10aConrad, Joseph,d1857-1924.